书目信息 |
| 题名: |
化工安全与环保
|
|
| 作者: | 朱建军 , 徐吉成 主编 | |
| 分册: | ||
| 出版信息: | 北京 北京大学出版社 2020.6 |
|
| 页数: | 278页 | |
| 开本: | 26cm | |
| 丛书名: | ||
| 单 册: | ||
| 中图分类: | TQ086 , X78 | |
| 科图分类: | ||
| 主题词: | 化工安全--安全生产--职业教育--教材 , 化学工业--环境保护--职业教育--教材 | |
| 电子资源: | ||
| ISBN: | 978-7-301-26404-1 | |
| 000 | 01068nam0 2200313 45 | |
| 001 | 012001000631 | |
| 005 | 20211013144934.48 | |
| 010 | @a978-7-301-26404-1@dCNY39.00 | |
| 090 | @aTQ08@bzjj | |
| 096 | @aTQ08@bzjj | |
| 100 | @a20160219d2015 em y0chiy50 ea | |
| 101 | 0 | @achi |
| 102 | @aCN@b110000 | |
| 105 | @aa z 000yy | |
| 106 | @ar | |
| 200 | 1 | @a化工安全与环保@Ahua gong an quan yu huan bao@b专著@f朱建军,徐吉成主编 |
| 205 | @a2版 | |
| 210 | @a北京@c北京大学出版社@d2020.6 | |
| 215 | @a278页@c图@d26cm | |
| 300 | @a“十二五”职业教育国家规划教材 全国职业教育规划教材·化工系列 | |
| 330 | @a本书主要内容包括化工安全与环保基础理论、化工生产安全技术、化工污染治理技术、化工可持续发展等四个模块,涵盖了化工企业安全与环保工作中应掌握的基本内容。 | |
| 606 | 0 | @a化工安全@x安全生产@x职业教育@j教材 |
| 606 | 0 | @a化学工业@x环境保护@x职业教育@j教材 |
| 690 | @aTQ086@v5 | |
| 690 | @aX78@v5 | |
| 701 | 0 | @a朱建军@Azhu jian jun@4主编 |
| 701 | 0 | @a徐吉成@Axu ji cheng@4主编 |
| 801 | 0 | @aCN@bBJSDL@c20211011 |
| 905 | @b1335580-3@dTQ086@e585=2@f4 | |
| 化工安全与环保/朱建军,徐吉成主编.-2版.-北京:北京大学出版社,2020.6 |
| 278页:图;26cm |
| “十二五”职业教育国家规划教材 全国职业教育规划教材·化工系列 |
| ISBN 978-7-301-26404-1:CNY39.00 |
| 本书主要内容包括化工安全与环保基础理论、化工生产安全技术、化工污染治理技术、化工可持续发展等四个模块,涵盖了化工企业安全与环保工作中应掌握的基本内容。 |
| ● |
| 相关链接 |
|
|
|
|
正题名:化工安全与环保
索取号:TQ086/585=2
 
预约/预借
| 序号 | 登录号 | 条形码 | 馆藏地/架位号 | 状态 | 备注 |
| 1 | 1335580 | 213355803 | 第二样本阅览室/ [索取号:TQ086/585=2] | 在馆 | |
| 2 | 1335581 | 213355812 | 第三借阅区/ [索取号:TQ086/585=2] | 在馆 | |
| 3 | 1335582 | 213355821 | 第三借阅区/ [索取号:TQ086/585=2] | 在馆 | |
| 4 | 1335583 | 213355830 | 第三借阅区/ [索取号:TQ086/585=2] | 在馆 |